[Event "World Youth & Cadets Blitz Championships"]
[Site "Rhodes, Greece"]
[Date "2022.05.03"]
[Round "2.7"]
[White "Nareks, Matic"]
[Black "Franc, Borna"]
[Result "1-0"]
[TimeControl "5'/game & 2\"/move"]
[WhiteElo "2147"]
[BlackElo "1901"]

1. e4 {[%clk 00:05:03]} e5 {[%clk 00:05:03]} {[%emt 00:00:02]} 2. Nf3 {[%clk
00:05:04]} {[%emt 00:00:01]} Nc6 {[%clk 00:05:05]} 3. Bc4 {[%clk 00:05:05]}
{[%emt 00:00:01]} Bc5 {[%clk 00:05:06]} {[%emt 00:00:01]} 4. c3 {[%clk
00:05:06]} Nf6 {[%clk 00:05:07]} {[%emt 00:00:01]} 5. d4 {[%clk 00:05:07]}
{[%emt 00:00:01]} exd4 {[%clk 00:05:07]} {[%emt 00:00:02]} 6. e5 {[%clk
00:05:08]} {[%emt 00:00:01]} d5 {[%clk 00:05:02]} {[%emt 00:00:06]} 7. Bb5
{[%clk 00:05:09]} {[%emt 00:00:02]} Ne4 {[%clk 00:04:59]} {[%emt 00:00:05]} 8.
cxd4 {[%clk 00:05:10]} {[%emt 00:00:01]} Bb6 {[%clk 00:04:59]} {[%emt
00:00:03]} 9. Nc3 {[%clk 00:05:10]} Bg4 {[%clk 00:04:36]} {[%emt 00:00:25]} 10.
Be3 {[%clk 00:05:08]} {[%emt 00:00:04]} O-O {[%clk 00:04:31]} {[%emt 00:00:06]}
11. Qc2 {[%clk 00:05:08]} {[%emt 00:00:02]} Bf5 {[%clk 00:04:03]} {[%emt
00:00:31]} 12. Qb3 {[%clk 00:05:08]} {[%emt 00:00:02]} Ne7 {[%clk 00:03:51]}
{[%emt 00:00:14]} 13. O-O {[%clk 00:05:01]} {[%emt 00:00:09]} c6 {[%clk
00:03:52]} 14. Be2 {[%clk 00:04:55]} {[%emt 00:00:07]} Ng6 {[%clk 00:03:49]}
{[%emt 00:00:06]} 15. Rac1 {[%clk 00:04:44]} {[%emt 00:00:13]} h6 {[%clk
00:03:29]} {[%emt 00:00:22]} 16. Rfd1 {[%clk 00:04:37]} {[%emt 00:00:09]} Nh4
{[%clk 00:03:23]} {[%emt 00:00:08]} 17. Nd2 {[%clk 00:04:26]} {[%emt 00:00:13]}
Nxc3 {[%clk 00:03:10]} {[%emt 00:00:15]} 18. Qxc3 {[%clk 00:04:21]} {[%emt
00:00:07]} Qd7 {[%clk 00:03:06]} {[%emt 00:00:07]} 19. Nb3 {[%clk 00:04:20]}
{[%emt 00:00:02]} Qe6 {[%clk 00:03:00]} {[%emt 00:00:08]} 20. Bf4 {[%clk
00:03:47]} {[%emt 00:00:34]} Ng6 {[%clk 00:02:49]} {[%emt 00:00:13]} 21. Bg3
{[%clk 00:03:46]} {[%emt 00:00:04]} Bg4 {[%clk 00:02:47]} {[%emt 00:00:04]} 22.
f3 {[%clk 00:03:41]} {[%emt 00:00:07]} Bf5 {[%clk 00:02:46]} {[%emt 00:00:02]}
23. Nc5 {[%clk 00:03:41]} {[%emt 00:00:03]} Bxc5 {[%clk 00:02:47]} {[%emt
00:00:01]} 24. Qxc5 {[%clk 00:03:41]} {[%emt 00:00:02]} h5 {[%clk 00:02:45]}
{[%emt 00:00:04]} 25. h4 {[%clk 00:03:23]} {[%emt 00:00:19]} Ne7 {[%clk
00:02:29]} {[%emt 00:00:19]} 26. Bf1 {[%clk 00:03:17]} {[%emt 00:00:08]} Bh7
{[%clk 00:02:19]} {[%emt 00:00:11]} 27. b4 {[%clk 00:03:13]} {[%emt 00:00:07]}
Nf5 {[%clk 00:02:20]} {[%emt 00:00:02]} 28. Bf2 {[%clk 00:03:14]} Qh6 {[%clk
00:02:03]} {[%emt 00:00:19]} 29. b5 {[%clk 00:02:55]} {[%emt 00:00:21]} Rfc8
{[%clk 00:02:04]} {[%emt 00:00:01]} 30. bxc6 {[%clk 00:02:41]} {[%emt
00:00:17]} Rxc6 {[%clk 00:02:04]} 31. Qa3 {[%clk 00:02:42]} Rxc1 {[%clk
00:01:54]} {[%emt 00:00:13]} 32. Qxc1 {[%clk 00:02:32]} {[%emt 00:00:12]} Qc6
{[%clk 00:01:30]} {[%emt 00:00:25]} 33. Qxc6 {[%clk 00:02:06]} {[%emt
00:00:28]} bxc6 {[%clk 00:01:31]} 34. Rc1 {[%clk 00:02:08]} {[%emt 00:00:01]}
Ne7 {[%clk 00:01:31]} 35. Be3 {[%clk 00:01:53]} {[%emt 00:00:17]} Nf5 {[%clk
00:01:32]} 36. Kf2 {[%clk 00:01:37]} {[%emt 00:00:17]} Rb8 {[%clk 00:01:07]}
{[%emt 00:00:27]} 37. Rxc6 {[%clk 00:01:26]} {[%emt 00:00:14]} Nxh4 {[%clk
00:01:06]} {[%emt 00:00:03]} 38. Rc3 {[%clk 00:01:00]} {[%emt 00:00:29]} Bg6
{[%clk 00:01:00]} {[%emt 00:00:07]} 39. Rb3 {[%clk 00:01:00]} {[%emt 00:00:02]}
Rc8 {[%clk 00:00:58]} {[%emt 00:00:04]} 40. Rb2 {[%clk 00:00:59]} {[%emt
00:00:02]} Rc3 {[%clk 00:00:55]} {[%emt 00:00:05]} 41. Bd2 {[%clk 00:00:50]}
{[%emt 00:00:11]} Rc7 {[%clk 00:00:50]} {[%emt 00:00:07]} 42. Bb4 {[%clk
00:00:49]} {[%emt 00:00:03]} Nf5 {[%clk 00:00:50]} {[%emt 00:00:02]} 43. Bc5
{[%clk 00:00:49]} {[%emt 00:00:02]} h4 {[%clk 00:00:44]} {[%emt 00:00:08]} 44.
Rb8+ {[%clk 00:00:48]} {[%emt 00:00:03]} Kh7 {[%clk 00:00:45]} {[%emt
00:00:02]} 45. Ba6 {[%clk 00:00:47]} {[%emt 00:00:03]} f6 {[%clk 00:00:38]}
{[%emt 00:00:09]} 46. exf6 {[%clk 00:00:47]} {[%emt 00:00:03]} gxf6 {[%clk
00:00:38]} {[%emt 00:00:01]} 47. Rb7 {[%clk 00:00:47]} {[%emt 00:00:02]} Rxb7
{[%clk 00:00:39]} {[%emt 00:00:01]} 48. Bxb7 {[%clk 00:00:48]} Bf7 {[%clk
00:00:39]} {[%emt 00:00:02]} 49. Bxa7 {[%clk 00:00:47]} {[%emt 00:00:03]} Be6
{[%clk 00:00:39]} {[%emt 00:00:02]} 50. Bc5 {[%clk 00:00:47]} {[%emt 00:00:02]}
Kg6 {[%clk 00:00:30]} {[%emt 00:00:12]} 51. a4 {[%clk 00:00:48]} h3 {[%clk
00:00:29]} {[%emt 00:00:03]} 52. gxh3 {[%clk 00:00:49]} 1-0

[Event "World Youth & Cadets Blitz Championships"]
[Site "Rhodes, Greece"]
[Date "2022.05.03"]
[Round "2.8"]
[White "Gregoric, Andraz"]
[Black "Olenik Campa, Rudi"]
[Result "1-0"]
[TimeControl "5'/game & 2\"/move"]
[WhiteElo "1948"]
[BlackElo "2076"]

1. e4 {[%clk 00:05:02]} {[%emt 00:18:14]} c5 {[%clk 00:05:03]} {[%emt
00:00:02]} 2. b3 {[%clk 00:05:03]} {[%emt 00:00:01]} Nc6 {[%clk 00:04:58]}
{[%emt 00:00:07]} 3. Bb2 {[%clk 00:05:04]} e6 {[%clk 00:04:55]} {[%emt
00:00:05]} 4. d3 {[%clk 00:04:58]} {[%emt 00:00:08]} d6 {[%clk 00:04:53]}
{[%emt 00:00:04]} 5. Nd2 {[%clk 00:04:58]} {[%emt 00:00:02]} e5 {[%clk
00:04:42]} {[%emt 00:00:13]} 6. g3 {[%clk 00:04:34]} {[%emt 00:00:26]} g6
{[%clk 00:04:43]} {[%emt 00:00:01]} 7. Bg2 {[%clk 00:04:35]} {[%emt 00:00:01]}
Bg7 {[%clk 00:04:44]} {[%emt 00:00:02]} 8. Ne2 {[%clk 00:04:32]} {[%emt
00:00:04]} f5 {[%clk 00:04:43]} {[%emt 00:00:03]} 9. O-O {[%clk 00:04:11]}
{[%emt 00:00:22]} Nf6 {[%clk 00:04:44]} {[%emt 00:00:02]} 10. h3 {[%clk
00:04:03]} {[%emt 00:00:11]} O-O {[%clk 00:04:44]} {[%emt 00:00:02]} 11. f4
{[%clk 00:04:01]} {[%emt 00:00:04]} Be6 {[%clk 00:04:37]} {[%emt 00:00:08]} 12.
exf5 {[%clk 00:03:29]} {[%emt 00:00:34]} Bxf5 {[%clk 00:04:10]} {[%emt
00:00:29]} 13. fxe5 {[%clk 00:03:29]} {[%emt 00:00:02]} dxe5 {[%clk 00:03:48]}
{[%emt 00:00:24]} 14. Nc4 {[%clk 00:02:39]} {[%emt 00:00:52]} Nd5 {[%clk
00:03:44]} {[%emt 00:00:06]} 15. Nc3 {[%clk 00:02:30]} {[%emt 00:00:12]} Nxc3
{[%clk 00:03:21]} {[%emt 00:00:24]} 16. Bxc3 {[%clk 00:02:31]} {[%emt
00:00:01]} Qd7 {[%clk 00:03:02]} {[%emt 00:00:21]} 17. Kh2 {[%clk 00:02:06]}
{[%emt 00:00:27]} Nd4 {[%clk 00:02:47]} {[%emt 00:00:17]} 18. Qd2 {[%clk
00:01:56]} {[%emt 00:00:12]} Rae8 {[%clk 00:02:35]} {[%emt 00:00:14]} 19. Rae1
{[%clk 00:01:56]} {[%emt 00:00:02]} b5 {[%clk 00:02:22]} {[%emt 00:00:16]} 20.
Ne3 {[%clk 00:01:53]} {[%emt 00:00:05]} Be6 {[%clk 00:02:22]} {[%emt 00:00:01]}
21. Bb2 {[%clk 00:01:24]} {[%emt 00:00:31]} Qd6 {[%clk 00:02:18]} {[%emt
00:00:07]} 22. c3 {[%clk 00:01:16]} {[%emt 00:00:10]} Nf5 {[%clk 00:02:06]}
{[%emt 00:00:13]} 23. c4 {[%clk 00:01:05]} {[%emt 00:00:14]} Nxg3 {[%clk
00:01:04]} {[%emt 00:01:04]} 24. Kxg3 {[%clk 00:00:48]} {[%emt 00:00:18]} e4+
{[%clk 00:01:04]} {[%emt 00:00:02]} 25. Kh4 {[%clk 00:00:44]} {[%emt 00:00:06]}
g5+ {[%clk 00:00:31]} {[%emt 00:00:36]} 26. Kxg5 {[%clk 00:00:31]} {[%emt
00:00:15]} Bd7 {[%clk 00:00:15]} {[%emt 00:00:18]} 27. Bxg7 {[%clk 00:00:17]}
{[%emt 00:00:15]} Qg6+ {[%clk 00:00:14]} {[%emt 00:00:02]} 28. Kh4 {[%clk
00:00:18]} {[%emt 00:00:02]} Kxg7 {[%clk 00:00:14]} {[%emt 00:00:02]} 29. Ng4
{[%clk 00:00:15]} {[%emt 00:00:05]} Qd6 {[%clk 00:00:07]} {[%emt 00:00:08]} 30.
Bxe4 {[%clk 00:00:10]} {[%emt 00:00:08]} Rxf1 {[%clk 00:00:08]} {[%emt
00:00:01]} 31. Rxf1 {[%clk 00:00:11]} {[%emt 00:00:01]} Kh8 {[%clk 00:00:03]}
{[%emt 00:00:07]} 32. Qf4 {[%clk 00:00:10]} {[%emt 00:00:02]} Qe7+ {[%clk
00:00:04]} {[%emt 00:00:02]} 33. Qf6+ {[%clk 00:00:11]} {[%emt 00:00:01]} 1-0

[Event "World Youth & Cadets Blitz Championships"]
[Site "Rhodes, Greece"]
[Date "2022.05.03"]
[Round "2.9"]
[White "Garsky, Vladyslav"]
[Black "Hagner, Bennet"]
[Result "0-1"]
[TimeControl "5'/game & 2\"/move"]
[WhiteElo "1855"]
[BlackElo "2044"]

1. b4 {[%clk 00:05:03]} c6 {[%clk 00:04:57]} {[%emt 00:00:08]} 2. Bb2 {[%clk
00:04:39]} {[%emt 00:00:26]} a5 {[%clk 00:04:58]} 3. a3 {[%clk 00:04:40]}
{[%emt 00:00:01]} axb4 {[%clk 00:04:59]} {[%emt 00:00:01]} 4. axb4 {[%clk
00:04:40]} {[%emt 00:00:02]} Rxa1 {[%clk 00:04:59]} {[%emt 00:00:01]} 5. Bxa1
{[%clk 00:04:41]} {[%emt 00:00:02]} d5 {[%clk 00:04:41]} {[%emt 00:00:20]} 6.
e3 {[%clk 00:04:36]} {[%emt 00:00:07]} Nf6 {[%clk 00:04:39]} 7. Nf3 {[%clk
00:04:35]} {[%emt 00:00:06]} Bf5 {[%clk 00:04:32]} 8. Be2 {[%clk 00:03:59]}
{[%emt 00:00:48]} e6 {[%emt 00:00:28]} 9. b5 h6 {[%clk 00:04:04]} {[%emt
00:00:04]} 10. O-O {[%emt 00:00:13]} Bd6 {[%clk 00:03:52]} {[%emt 00:00:08]} 11.
c4 {[%clk 00:03:28]} {[%emt 00:00:29]} O-O {[%clk 00:03:41]} {[%emt 00:00:13]}
12. d4 {[%clk 00:03:02]} {[%emt 00:00:28]} c5 {[%emt 00:01:03]} 13. Nbd2 {[%clk
00:02:53]} {[%emt 00:00:04]} Nbd7 {[%clk 00:02:41]} {[%emt 00:00:09]} 14. cxd5
{[%clk 00:02:21]} {[%emt 00:00:33]} exd5 {[%clk 00:02:39]} {[%emt 00:00:05]} 15.
dxc5 {[%clk 00:02:20]} {[%emt 00:00:03]} Nxc5 {[%clk 00:02:34]} {[%emt
00:00:07]} 16. Nd4 {[%emt 00:00:26]} Bh7 {[%emt 00:00:29]} 17. N4b3 {[%emt
00:00:55]} Ne6 {[%emt 00:00:42]} 18. Nf3 {[%clk 00:00:48]} {[%emt 00:00:03]}
Ne4 {[%clk 00:01:41]} {[%emt 00:00:02]} 19. Nfd4 {[%clk 00:00:37]} {[%emt
00:00:13]} Qh4 {[%clk 00:01:14]} {[%emt 00:00:29]} 20. Nf3 {[%emt 00:00:29]}
Qd8 {[%clk 00:01:14]} 21. Nfd4 {[%clk 00:00:11]} {[%emt 00:00:02]} Qc7 {[%clk
00:01:11]} {[%emt 00:00:04]} 22. h3 {[%clk 00:00:12]} {[%emt 00:00:03]} Rc8
{[%clk 00:01:06]} {[%emt 00:00:06]} 23. Nxe6 {[%clk 00:00:10]} {[%emt
00:00:03]} fxe6 {[%clk 00:01:07]} {[%emt 00:00:01]} 24. Bd3 {[%clk 00:00:08]}
{[%emt 00:00:04]} Qf7 {[%clk 00:00:52]} {[%emt 00:00:17]} 25. Bxe4 {[%clk
00:00:06]} {[%emt 00:00:04]} Bxe4 {[%clk 00:00:53]} {[%emt 00:00:02]} 26. f3
{[%clk 00:00:06]} {[%emt 00:00:02]} Bc2 {[%clk 00:00:41]} {[%emt 00:00:14]} 27.
Qc1 {[%clk 00:00:07]} Qd7 {[%clk 00:00:33]} {[%emt 00:00:11]} 28. Qb2 {[%clk
00:00:06]} {[%emt 00:00:03]} Bb8 {[%clk 00:00:26]} {[%emt 00:00:08]} 29. Rc1
{[%clk 00:00:06]} {[%emt 00:00:02]} d4 {[%clk 00:00:09]} {[%emt 00:00:19]} 30.
Rxc2 {[%clk 00:00:07]} {[%emt 00:00:02]} Rxc2 {[%clk 00:00:09]} {[%emt
00:00:02]} 31. Qxc2 {[%clk 00:00:08]} {[%emt 00:00:01]} dxe3 {[%clk 00:00:09]}
{[%emt 00:00:02]} 32. Bd4 {[%clk 00:00:08]} {[%emt 00:00:01]} Qd6 {[%clk
00:00:04]} {[%emt 00:00:08]} 33. Bxe3 {[%clk 00:00:04]} {[%emt 00:00:06]} Qh2+
{[%clk 00:00:05]} 34. Kf2 {[%clk 00:00:06]} Bg3+ {[%clk 00:00:05]} {[%emt
00:00:02]} 35. Ke2 {[%clk 00:00:07]} Qxg2+ {[%clk 00:00:05]} {[%emt 00:00:02]}
36. Kd3 {[%clk 00:00:08]} {[%emt 00:00:01]} Qf1+ {[%clk 00:00:05]} {[%emt
00:00:02]} 37. Ke4 {[%clk 00:00:07]} {[%emt 00:00:02]} Qxb5 {[%clk 00:00:03]}
{[%emt 00:00:04]} 38. Nd4 {[%clk 00:00:08]} {[%emt 00:00:01]} Qd5+ {[%clk
00:00:04]} {[%emt 00:00:01]} 39. Kd3 {[%clk 00:00:09]} e5 {[%clk 00:00:06]} 40.
Qc8+ {[%clk 00:00:10]} {[%emt 00:00:01]} Kh7 {[%clk 00:00:07]} {[%emt
00:00:01]} 41. Qf5+ {[%clk 00:00:11]} Kg8 {[%clk 00:00:08]} {[%emt 00:00:02]}
42. Qc8+ {[%clk 00:00:12]} 0-1

[Event "World Youth & Cadets Blitz Championships"]
[Site "Rhodes, Greece"]
[Date "2022.05.03"]
[Round "2.10"]
[White "Lavrencic, Matic"]
[Black "Morkunas, Gustas"]
[Result "1-0"]
[TimeControl "5'/game & 2\"/move"]
[WhiteElo "2037"]
[BlackElo "1868"]

1. e4 {[%clk 00:05:01]} {[%emt 00:00:02]} c5 {[%clk 00:05:03]} {[%emt
00:00:02]} 2. Nf3 {[%clk 00:05:01]} {[%emt 00:00:02]} e6 {[%clk 00:05:03]}
{[%emt 00:00:01]} 3. d4 {[%clk 00:05:02]} {[%emt 00:00:01]} cxd4 {[%clk
00:05:04]} {[%emt 00:00:01]} 4. Nxd4 {[%clk 00:05:03]} {[%emt 00:00:01]} a6
{[%clk 00:05:05]} {[%emt 00:00:01]} 5. Bd3 {[%clk 00:05:03]} {[%emt 00:00:02]}
Bc5 {[%clk 00:05:06]} {[%emt 00:00:02]} 6. Nb3 {[%clk 00:05:02]} {[%emt
00:00:02]} Be7 {[%clk 00:05:06]} {[%emt 00:00:02]} 7. Qg4 {[%clk 00:05:02]}
{[%emt 00:00:02]} g6 {[%clk 00:05:07]} {[%emt 00:00:01]} 8. Qe2 {[%clk
00:05:03]} {[%emt 00:00:01]} d6 {[%clk 00:05:08]} {[%emt 00:00:01]} 9. Nc3
{[%clk 00:05:04]} {[%emt 00:00:02]} Nd7 {[%clk 00:05:04]} {[%emt 00:00:06]} 10.
Be3 {[%clk 00:05:03]} {[%emt 00:00:02]} Qc7 {[%clk 00:05:02]} {[%emt 00:00:04]}
11. O-O-O {[%clk 00:05:01]} {[%emt 00:00:05]} b5 {[%clk 00:04:50]} {[%emt
00:00:14]} 12. a3 {[%clk 00:04:56]} {[%emt 00:00:07]} Bb7 {[%clk 00:04:47]}
{[%emt 00:00:05]} 13. h4 {[%clk 00:04:56]} {[%emt 00:00:01]} h5 {[%clk
00:04:35]} {[%emt 00:00:15]} 14. f4 {[%clk 00:04:53]} {[%emt 00:00:04]} Ngf6
{[%clk 00:04:27]} {[%emt 00:00:10]} 15. f5 {[%clk 00:04:53]} {[%emt 00:00:02]}
Ne5 {[%clk 00:03:48]} {[%emt 00:00:41]} 16. fxe6 {[%clk 00:04:41]} {[%emt
00:00:14]} fxe6 {[%clk 00:03:45]} {[%emt 00:00:05]} 17. Nd4 {[%clk 00:04:40]}
{[%emt 00:00:03]} Qd7 {[%clk 00:03:32]} {[%emt 00:00:15]} 18. Bg5 {[%clk
00:04:24]} {[%emt 00:00:18]} O-O {[%clk 00:03:12]} {[%emt 00:00:22]} 19. Nf3
{[%clk 00:03:28]} {[%emt 00:00:58]} Nfg4 {[%clk 00:02:48]} {[%emt 00:00:28]} 20.
Rhf1 {[%clk 00:02:28]} {[%emt 00:01:01]} Rac8 {[%clk 00:01:40]} {[%emt
00:01:09]} 21. Qd2 {[%clk 00:02:04]} {[%emt 00:00:27]} Rf7 {[%clk 00:00:44]}
{[%emt 00:00:58]} 22. Nxe5 {[%clk 00:01:47]} {[%emt 00:00:19]} Nxe5 {[%clk
00:00:45]} 23. Rxf7 {[%clk 00:01:48]} {[%emt 00:00:01]} Nxf7 {[%clk 00:00:46]}
{[%emt 00:00:01]} 24. e5 {[%clk 00:01:16]} {[%emt 00:00:34]} Nxe5 {[%clk
00:00:37]} {[%emt 00:00:10]} 25. Be2 {[%clk 00:01:07]} {[%emt 00:00:11]} Bf8
{[%clk 00:00:21]} {[%emt 00:00:19]} 26. Bf4 {[%clk 00:01:01]} {[%emt 00:00:08]}
Bg7 {[%clk 00:00:14]} {[%emt 00:00:10]} 27. Qxd6 {[%clk 00:01:01]} {[%emt
00:00:01]} Qxd6 {[%clk 00:00:14]} {[%emt 00:00:01]} 28. Rxd6 {[%clk 00:01:01]}
{[%emt 00:00:02]} Rc6 {[%clk 00:00:15]} {[%emt 00:00:02]} 29. Rd8+ {[%clk
00:00:57]} {[%emt 00:00:06]} Kh7 {[%clk 00:00:08]} {[%emt 00:00:09]} 30. Bxe5
{[%clk 00:00:57]} {[%emt 00:00:03]} Bxe5 {[%clk 00:00:05]} {[%emt 00:00:04]} 31.
Rd7+ {[%clk 00:00:58]} Kh6 {[%clk 00:00:05]} {[%emt 00:00:02]} 32. Rxb7 {[%clk
00:00:59]} Bxc3 {[%clk 00:00:05]} {[%emt 00:00:02]} 33. bxc3 {[%clk 00:01:00]}
{[%emt 00:00:01]} Rxc3 {[%clk 00:00:06]} 34. Kb2 {[%clk 00:00:55]} {[%emt
00:00:06]} Rc6 {[%clk 00:00:06]} {[%emt 00:00:03]} 35. Bf3 {[%clk 00:00:56]}
Rd6 {[%clk 00:00:07]} 36. Rc7 {[%clk 00:00:56]} {[%emt 00:00:02]} Rd4 {[%clk
00:00:06]} {[%emt 00:00:03]} 37. Rc6 {[%clk 00:00:57]} {[%emt 00:00:02]} Rxh4
{[%clk 00:00:07]} {[%emt 00:00:01]} 38. Rxe6 {[%clk 00:00:57]} {[%emt
00:00:02]} a5 {[%clk 00:00:05]} {[%emt 00:00:03]} 39. Re5 {[%clk 00:00:58]}
{[%emt 00:00:02]} b4 {[%clk 00:00:05]} {[%emt 00:00:02]} 40. Rxa5 {[%clk
00:00:59]} {[%emt 00:00:01]} bxa3+ {[%clk 00:00:06]} 41. Rxa3 {[%clk 00:00:59]}
{[%emt 00:00:01]} Rb4+ {[%clk 00:00:07]} 42. Rb3 {[%clk 00:01:00]} {[%emt
00:00:01]} Rc4 {[%clk 00:00:08]} 43. c3 {[%clk 00:00:59]} {[%emt 00:00:03]} g5
{[%clk 00:00:09]} {[%emt 00:00:01]} 44. Rb6+ {[%clk 00:00:58]} {[%emt
00:00:03]} Kg7 {[%clk 00:00:09]} {[%emt 00:00:02]} 45. Bxh5 {[%clk 00:00:59]}
1-0

[Event "World Youth & Cadets Blitz Championships"]
[Site "Rhodes, Greece"]
[Date "2022.05.03"]
[Round "2.11"]
[White "Gurel, Ediz"]
[Black "Seemann, Jakub"]
[Result "1-0"]
[TimeControl "5'/game & 2\"/move"]
[WhiteElo "1726"]
[BlackElo "2003"]

1. e4 {[%clk 00:05:03]} {[%emt 00:04:14]} c5 {[%clk 00:05:03]} {[%emt
00:00:01]} 2. Nf3 {[%clk 00:05:05]} {[%emt 00:00:01]} d6 {[%clk 00:05:04]}
{[%emt 00:00:01]} 3. d4 {[%clk 00:05:06]} {[%emt 00:00:01]} cxd4 {[%clk
00:05:05]} 4. Nxd4 {[%clk 00:05:07]} Nf6 {[%clk 00:05:06]} {[%emt 00:00:01]} 5.
Nc3 {[%clk 00:05:08]} {[%emt 00:00:01]} a6 {[%clk 00:05:07]} 6. Bg5 {[%clk
00:05:09]} {[%emt 00:00:01]} e6 {[%clk 00:04:58]} {[%emt 00:00:11]} 7. f4
{[%clk 00:05:10]} {[%emt 00:00:02]} h6 {[%clk 00:04:52]} {[%emt 00:00:08]} 8.
Bh4 {[%clk 00:05:11]} Qb6 {[%clk 00:04:53]} 9. Qd2 {[%clk 00:04:55]} {[%emt
00:00:18]} Qxb2 {[%clk 00:04:51]} {[%emt 00:00:04]} 10. Rb1 {[%clk 00:04:57]}
Qa3 {[%clk 00:04:51]} {[%emt 00:00:01]} 11. f5 {[%clk 00:04:58]} {[%emt
00:00:01]} Nc6 {[%clk 00:04:46]} {[%emt 00:00:08]} 12. fxe6 {[%clk 00:04:56]}
{[%emt 00:00:03]} fxe6 {[%clk 00:04:44]} {[%emt 00:00:04]} 13. Nxc6 {[%clk
00:04:20]} {[%emt 00:00:39]} bxc6 {[%clk 00:04:45]} 14. e5 {[%clk 00:04:03]}
{[%emt 00:00:19]} dxe5 {[%clk 00:04:41]} {[%emt 00:00:06]} 15. Bd3 {[%clk
00:04:01]} {[%emt 00:00:03]} Bc5 {[%clk 00:03:43]} {[%emt 00:01:00]} 16. Rb3
{[%clk 00:03:47]} {[%emt 00:00:16]} Qa5 {[%clk 00:03:43]} 17. Bg6+ {[%clk
00:03:48]} {[%emt 00:00:02]} Ke7 {[%clk 00:03:40]} {[%emt 00:00:06]} 18. Nd5+
{[%clk 00:03:48]} {[%emt 00:00:01]} 1-0